| 000 | 01142nam a2200349 i 4500 | ||
|---|---|---|---|
| 999 |
_c7310 _d7310 |
||
| 001 | .b74586117 | ||
| 003 | OSt | ||
| 005 | 20210218182919.0 | ||
| 008 | 201023s2020 spc 000 0aspa c | ||
| 015 |
_aLL2021 _2bnc |
||
| 017 |
_aDL B 15642-2020 _bBiblioteca de Catalunya |
||
| 020 | _a9788417977375 | ||
| 040 |
_aES-BaBAB _bcat _erda _cES-BaBAB |
||
| 043 | _ae-sp--- | ||
| 080 |
_a929Peyró, Ignacio _x(0:82-94) _22004 |
||
| 080 |
_a070 _x(460) _22004 |
||
| 100 | 1 |
_aPeyró, Ignacio, _eautor |
|
| 245 | 1 | 0 |
_aYa sentarás cabeza : _bcuando fuimos periodistas (2006-2011) / _cIgnacio Peyró |
| 250 | _aPrimera edición | ||
| 264 | 1 |
_aBarcelona : _bLibros del Asteroide, _c2020 |
|
| 300 |
_a562 pàgines ; _c22 cm |
||
| 336 |
_atext _btxt _2rdacontent |
||
| 337 |
_asense mediació _bn _2rdamedia |
||
| 338 |
_avolum _bnc _2rdacarrier |
||
| 490 | 1 |
_aLibros del Asteroide ; _v243 |
|
| 600 | 1 | 7 |
_aPeyró, Ignacio _vDiaris íntims _2lemac |
| 650 | 7 |
_aPeriodisme _zEspanya _2lemac |
|
| 830 | 0 |
_aLibros del Asteroide ; _v243 |
|
| 907 |
_a.b74586117 _b28-01-21 _c23-10-20 _d23-10-20 _em _fa _g- _hspa _ispc _j0 _k0 |
||
| 940 | _aBAB | ||
| 942 |
_2udc _cMON |
||